000
00291nam a2200133Ia 4500
008
191201s2010 xx 000 0 und d
100
_a
JAIRATH,AK
245
0
_a
Control systems
250
_a
Rep
260
_c
2010
_b
Ane Books
_a
N. delhi
300
_a
349
650
_a
ECE
942
_2
ddc
_c
BB
999
_c
7422
_d
7422